Ekonomicko-sociálny rozvoj Slovenska od oslobodenia našej vlasti slávnou Sovietskou armádou

Bibliographic Details
Main Author: Martinka, Karol (Author)
Format: Article
Language:Slovak
Subjects:

MARC

LEADER 00000nab a2200000Ia 4500
001 vtls010816776
003 SK-MaSNL
005 20260426072027.0
008 230218|1975 xo |||||||||||||||||slo|
035 |a (urnnbn)urn:nbn:sk:snk:ar-a05w3m 
035 |a urn:nbn:sk:snk-ab5l2p 
035 |a (uuid)4b7e04bd-67ae-47fa-babe-bbcbcff4ffd5 
040 |a SNKBUCL  |b slo  |c SNKBUCL  |e AACR2 
041 0 |a slo  |b eng  |b rus 
044 |a xo  |c SK 
080 |a 330.34  |2 2001 
080 |a 316.42  |2 2011 
080 |a (437.6)  |2 2001 
100 1 |a Martinka, Karol  |4 aut  |9 584120 
245 1 0 |a Ekonomicko-sociálny rozvoj Slovenska od oslobodenia našej vlasti slávnou Sovietskou armádou  |c Karol Martinka 
546 |a Res. angl., rus. 
610 2 7 |a Sovietsky zväz.  |b Sovetskaja armija  |2 SNKKA  |9 246128 
650 0 7 |a ekonomický rozvoj  |2 SNKPH  |9 49952 
650 0 7 |a sociálny rozvoj  |2 SNKPH  |9 67413 
651 7 |a Slovensko  |2 SNKPH  |9 14231 
773 0 |t Ekonomický časopis : časopis pre ekonomickú teóriu, hospodársku politiku, spoločensko-ekonomické prognózovanie  |g Roč. 23, č. 5 (1975), s. 387-395 
954 |a odborná, vedecká literatúra pôvodná (slovenská)  |2 lita 
958 |a OND 
958 |a EUIPO 
958 |a article5 
999 |c 2684426  |d 2686356